000 00579nam a22002057a 4500
003 OSt
005 20140310182907.0
008 130128t xxu||||| |||| 00| 0 eng d
020 _a9789712352836
050 _aKPM 1214
_b.Sa161 2009
082 _aFIL 331
_bL11 2009
245 _aThe Labor Code of the Philippines with Omnibus Implementing
_cSalao, Ernesto C., LL.B.
260 _aManila :
_b Rex Book Store,
_c c2009.
300 _a459 p. ;
_c15 cm.
521 _acollege students
526 _c1210L-1700L
541 _j1
562 _e1
942 _2lcc
_cBK
_kFIL
999 _c17171
_d17171